Most Topographic Prominent Mountains in the World - Statistics

General Stats
  • This quiz has been taken 18 times
  • The average score is 11 of 20
Answer Stats
Ranking Height Prominence Mountain Range Country Answer % Correct
1 8848m 8848m Himalayas China/Nepal Mount Everest
100%
3 6191m 6144m Alaska Range United States Denali
87%
4 5895m 5885m Eastern Rift Mountains Tanzania Kilimanjaro
87%
11 4808m 4695m Alps France/Italy Mont Blanc
87%
2 6962m 6962m Andes Argentina Aconcagua
80%
15 4205m 4205m Hawaii United States Mauna Kea
80%
10 5642m 4741m Caucasus Mountains Russia Mount Elbrus
80%
6 5959m 5250m Saint Elias Mountains Canada Mount Logan
73%
8 4892m 4892m Sentinel Range Antartica Vinson Massif
67%
18 6263m 4118m Cordillera Occidental Ecuador Chimborazo
53%
9 4884m 4884m Sudirman Range Indonesia Puncak Jaya
53%
7 5636m 4922m Trans-Mexican Volcanic Belt Mexico Pico de Orizaba
47%
12 5610m 4667m Alborz Iran Mount Damavand
40%
14 8125m 4608m Himalayas Pakistan Nanga Parbat
40%
5 5700m 5509m Sierra Nevada de Santa Marta Colombia Pico Cristóbal Colón
33%
13 4750m 4649m Kamchatka Russia Klyuchevskaya Sopka
27%
20 4095m 4095m Crocker Range Malaysia Mount Kinabalu
27%
17 5445m 4122m Bogda Shan China Bogda Peak
20%
16 7439m 4148m Kakshaal Too China/Kyrgyzstan Jengish Chokusu
13%
19 7782m 4106m Himalayas China Namcha Barwa
13%
No matching quizzes found
Score Distribution
Percent of People with Each Score
Percentile by Number Answered
Your Score History
You have not taken this quiz